000 00682nam a2200241 i 4500
001 C2-0301737
003 PPAK
005 20180728082953.0
008 091223s2008 my a|||| ||||| | eng d
020 _a9789833845064 ; 9833845061
040 _aPPAK
_beng
_cPPAK
_erda
082 0 4 _a363.7
_223
090 0 0 _a363.7
_bGUR
_dG
100 0 _aGurmit Singh K.S,
_eauthor
245 1 0 _aBeyond me & mine
264 1 _aShah Alam, Selangor :
_bMarshall Cavendish ,
_c2008
300 _a128 pages :
_billustrations ;
_c23 cm
336 _2rdacontent
_atext
337 _2rdamedia
_aunmediated
338 _2rdacarrier
_avolume
650 1 0 _aEnvironmental protection.
942 _ddc
_cB
999 _c105505
_d105505